000 00706 a2200205 4500
005 20080826113859.0
008 080826t xxu||||| |||| 00| 0beng d
010 _aENG-87169
020 _a8175300574
_c495.00
035 _aEN-70702
037 _bDBAD / PUB
082 _a920
100 _aKala, D.C.
245 _aFrederick Wilson
_bHulson Sahib of Garhwal
_cby D.C. Kala
260 _aDelhi
_bRavi Dayal Publishers
_c2006
270 _a51-E, Sujan singh Park
_e110 003
_bNew Delhi
300 _a206 p.
_c22 cm. (Hb)
942 _adpl
_cEN
_k920 / KAL
_2ddc
_h920
_mKAL
999 _c6097
_d6097